| 000 | 00935cam a2200301 i 4500 | ||
|---|---|---|---|
| 999 |
_c200448592 _d66804 |
||
| 001 | 200448592 | ||
| 003 | TR-AnTOB | ||
| 005 | 20230804111949.0 | ||
| 007 | ta | ||
| 008 | 210730s2013 tu r01 $$$$ tur utu | ||
| 020 | _a9786056178405 | ||
| 040 |
_aTR-AnTOB _beng _erda _cTR-AnTOB |
||
| 041 | 0 | _atur | |
| 044 | _ctu | ||
| 050 | 1 | 4 |
_aGR280 _b.Ş466 2013 |
| 090 | 0 | 0 |
_aGR280 _b.Ş466 2013 |
| 100 | 1 |
_aŞenol, Ahmet _eauthor _9136698 |
|
| 245 | 1 | 0 |
_aHalk kültürü ve etnoğrafya terimleri sözlüğü : _b(Halk Kültürü "Halk Oyunları-Giysiler-Halk Çalgıları" Etnoğrafya) / _cAhmet Şenol. |
| 264 | 1 |
_aAnkara : _bMTR Medya, _c2013. |
|
| 300 |
_a399 pages ; _c24 cm |
||
| 336 |
_atext _btxt _2rdacontent |
||
| 337 |
_aunmediated _bn _2rdamedia |
||
| 338 |
_avolume _bnc _2rdacarrier |
||
| 650 | 7 |
_aFolklor _2etuturkob _9114614 |
|
| 650 | 7 |
_aMüzik aletleri _2etuturkob _9128372 |
|
| 942 |
_2lcc _cBK |
||